000 00905nam a2200277 i 4500
001 bg
100 1 _aBRZEZOWSKA, Joanna
_d(1947- ).
245 1 0 _aWprowadzenie do elektrodynamiki klasycznej /
_cJoanna Brzezowska, Antoni Gajewski ; Politechnika Krakowska im. Tadeusza Kościuszki.
260 _aKraków :
_bWydawnictwo PK,
_c2006.
300 _a354 s. :
_brys.,wykr. ;
_c24 cm.
504 _aBibliogr.
521 _aPodręcznik dla studentów wyższych szkół technicznych.
650 9 _aElektrodynamika
655 _aPodręczniki akademickie
700 1 _aGajewski, Antoni
_d(1938- ).
710 0 _aPolitechnika Krakowska im. Tadeusza Kościuszki
020 _a8372423911
020 _a9788372423917
040 _cBPK
041 0 _apol
080 _a537.8(075.8)
920 _a83-7242-391-1
920 _a978-83-7242-391-7
942 _cKS
008 s pl f |000 0 pol
999 _c52178
_d52178
856 _uhttp://koha.tu.koszalin.pl/cgi-bin/koha/opac-detail.pl?biblionumber=52178
_yKatalog online BPK